• Filosofia greca e romana

di Genre/Form Term

Records bibliografici associati: 1

001 - CONTROL NUMBER

  • control field: 62031

003 - CONTROL NUMBER IDENTIFIER

  • control field:

005 - DATE AND TIME OF LATEST TRANSACTION

  • control field: 20250328122344.0

008 - FIXED-LENGTH DATA ELEMENTS

  • fixed length control field: 250328|| aca||aabn | a|a d

040 ## - CATALOGING SOURCE

  • Original cataloging agency:
  • Transcribing agency:

155 ## - HEADING--GENRE/FORM TERM

  • Genre/form term: Filosofia greca e romana
  • General subdivision: Plato, 427-347 a.C.
  • General subdivision: Studi

670 ## - SOURCE DATA FOUND

  • Source citation: Work cat.: ()360480: Heidegger, Martin, 1889-1976. 57150, Il "Sofista" di Platone /, ©2013.
CREDITS: SOCIETA' SAN PAOLO Via A.Severo, 58 - ROMA (RM) & PERIODICI SAN PAOLO SRL Via Giotto, 36 MILANO & CISF Via Giotto, 36 MILANO & EDIZIONI SAN PAOLO SRL,  Piazza Soncino, 5 CINISELLO BALSAMO (MI) -- ITALY